Statistiche per SQUADRE DELLA CHAMPIONS 2023-2024

Clicka qui per fare il quiz!

Statistiche generali

  • Questo quiz è stato fatto 46 volte
  • Il punteggio medio è 28 su 32

Statistiche sulle risposte

NAZIONESQUADRA% Corretto
INGHILTERRAARSENAL
100%
ITALIAINTER
100%
ITALIALAZIO
100%
INGHILTERRAMAN CITY
100%
ITALIAMILAN
100%
ITALIANAPOLI
100%
SPAGNABARCELLONA
98%
INGHILTERRAMAN UTD
98%
GERMANIABAYERN MONACO
95%
GERMANIABVB
95%
FRANCIAPSG
95%
SPAGNAREAL MADRID
95%
SPAGNAATLETICO MADRID
93%
PORTOGALLOBENFICA
93%
PORTOGALLOPORTO
93%
SPAGNASIVIGLIA
93%
OLANDAPSV
90%
TURCHIAGALATASARAY
83%
SCOZIACELTIC
81%
SPAGNAREAL SOCIEDAD
81%
DANIMARCACOPENAGHEN
79%
OLANDAFEYENOORD
79%
GERMANIALIPSIA
79%
AUSTRIASALISBURGO
79%
SVIZZERAYOUNG BOYS
79%
PORTOGALLOBRAGA
76%
INGHILTERRANEWCASTLE
76%
SERBIASTELLA ROSSA
76%
UCRAINASHAKHTAR DONETSK
69%
GERMANIAUNION BERLINO
69%
FRANCIALENS
64%
BELGIOANVERSA
57%

Distribuzione punteggi

Percentile per numero di risposta

Percentuale di utenti per punteggio

I tuoi punteggi nel tempo

Non hai fatto questo quiz